000 00347nam a2200133Ia 4500
008 240624s9999 xx 000 0 und d
041 _aeng
082 _a301 BOU
100 _aBOURDIEU PIERRE
245 _aOUTLINE OF A THEORY OF PRACTICE
260 _c1977
_aNew Delhi
_bCambridge University Press India
300 _a224 : p.
365 _cGBP
_b28
999 _c22111
_d22111